000 00507nam a2200181Ia 4500
999 _c28885
_d28885
003 OSt
005 20201218124427.0
008 190216s9999||||xx |||||||||||||| ||und||
020 _a9788188801930
040 _coclc
082 _a894.8121
_bSIV/P
100 _aSivasankaran
_97681
245 0 _aPeeditha Kalpanakal /
_cSivasankaran
260 _bLipi Publication,
_aKozhikode:
_c2006.
300 _a64p
650 _aKavitha
942 _cBK
_2ddc
_h894.8121
_iSIV/P
_k894.8121
_mSIV/P